La légende du prêtre Jean / (Record no. 152789)

MARC details
000 -LEADER
campo de control de longitud fija 00747nam a22001935i 4500
001 - NÚMERO DE CONTROL
campo de control 152789
003 - IDENTIFICADOR DE NÚMERO DE CONTROL
campo de control ES-MaACL
005 - FECHA Y HORA DE LA ÚLTIMA TRANSACCIÓN
campo de control 20250929063218.0
008 - DATOS DE LONGITUD FIJA--INFORMACIÓN GENERAL
campo de control de longitud fija 051018s1877 fr | |||||||| ||fre d
040 ## - FUENTE DE CATALOGACIÓN
Centro catalogador/agencia de origen CAM
Lengua de catalogación spa
Centro/agencia transcriptor CAM
100 1# - ENTRADA PRINCIPAL--NOMBRE DE PERSONA
Nombre de persona Brunet, Pierre-Gustave,
Fechas asociadas al nombre 1805-1896
9 (RLIN) 32158
245 13 - MENCIÓN DEL TÍTULO
Título La légende du prêtre Jean /
Mención de responsabilidad, etc. par G. Brunet.
260 ## - PUBLICACIÓN, DISTRIBUCIÓN, ETC.
Lugar de publicación, distribución, etc. Bordeaux :
Nombre del editor, distribuidor, etc. Charles Lefebvre libraire-éditeur,
Fecha de publicación, distribución, etc. 1877 (
Fabricante Imprimerie G. Gounouilhou)
300 ## - DESCRIPCIÓN FÍSICA
Extensión 31 p. ;
Dimensiones 23 cm.
500 ## - NOTA GENERAL
Nota general Extrait des Actes de l'Académie des Sciences, Belles-Lettres et Arts de Bordeaux.
650 #4 - PUNTO DE ACCESO ADICIONAL DE MATERIA--TÉRMINO DE MATERIA
Término de materia o nombre geográfico como elemento de entrada Preste Juan (Personaje mitológico)
9 (RLIN) 146367
852 ## - LOCALIZACIÓN
Ubicación ES-MaACL
Número de control de estantería T-255-F-1
Nota libre -- Enc. hol.
-- -- Enc. en un vol. facticio
Holdings
Estatus retirado Estado de pérdida Estado de daño No para préstamo Colección Biblioteca de origen Biblioteca actual Ubicación en estantería Fecha de adquisición Total de préstamos Signatura topográfica completa Código de barras Visto por última vez Precio de reemplazo Tipo de ítem Koha
        Colección de folletos Biblioteca del Ateneo de Madrid Biblioteca del Ateneo de Madrid Depósito folletos 17/01/2008   T-255-F-1 1159572 23/02/2023 23/02/2023 Folleto